S-Bahn Steiermark - Statistiken

Allgemein
  • Dieses Quiz wurde 23 mal gespielt
  • Das Durchschnittsergebnis liegt bei 56 aus 122
Antwortstatistiken
Haltestellen % Korrekt
Graz Hauptbahnhof
94%
Graz Don Bosco
88%
Leibnitz
88%
Spielfeld-Straß
88%
Bruck an der Mur
82%
Kapfenberg
82%
Feldkirchen-Seiersberg
76%
Gratwein-Gratkorn
76%
Graz Ostbahnhof-Messe
76%
Mürzzuschlag
76%
Peggau-Deutschfeistritz
76%
Deutschlandsberg Stadt
71%
Feldbach
71%
Frohnleiten
71%
Graz Puntigam
71%
Hart bei Graz
71%
Kalsdorf
71%
Raaba
71%
Werndorf
71%
Fehring
65%
Flughafen Graz-Feldkirchen
65%
Gleisdorf
65%
Judendorf-Straßengel
65%
Köflach
65%
Laßnitzhöhe
65%
Leoben Hauptbahnhof
65%
Lieboch
65%
Mixnitz-Bärenschützklamm
65%
Premstätten-Tobelbad
65%
Übelbach
65%
Voitsberg
65%
Wies-Eibiswald
65%
Wildon
65%
Graz Liebenau-Murpark
59%
Graz Straßgang
59%
Hengsberg
59%
St. Marein-St. Lorenzen
59%
St. Michael
59%
Takern-St. Margarethen
59%
Bad Radkersburg
53%
Bärnbach
53%
Ehrenhausen
53%
Graz Wetzelsdorf
53%
Jennersdorf
53%
Langenwang
53%
Lannach
53%
Laßnitzthal
53%
Preding-Wieselsdorf
53%
St. Ruprecht an der Raab
53%
Weiz Preding
53%
Fentsch-St. Lorenzen
47%
Gleisdorf West
47%
Graz Köflacherbahnhof
47%
Graz Webling
47%
Judenburg
47%
Kindberg
47%
Knittelfeld
47%
Lebring
47%
Pernegg
47%
Studenzen-Fladnitz
47%
Weiz Bahnhof
47%
Weiz Interspar
47%
Zeltweg
47%
Albersdorf
41%
Allerheiligen-Mürzhofen
41%
Frauental-Bad Gams
41%
Kaindorf an der Sulm
41%
Mureck
41%
Niklasdorf
41%
St. Peter im Sulmtal
41%
Stübing
41%
Szentgotthárd
41%
Weiz Nord
41%
Wies Markt
41%
Wollsdorf
41%
Deutschfeistritz
35%
Gniebing
35%
Graz Stadion Liebenau
35%
Kapfenberg Fachhochschule
35%
Kraubath
35%
Krieglach
35%
Krottendorf-Ligist
35%
Mogersdorf
35%
Oisnitz-St. Josef
35%
St. Martin im Sulmtal-Bergla
35%
Thalheim-Pöls
35%
Unterfladnitz
35%
Unzmarkt
35%
Wartberg im Mürztal
35%
Weiz Zentrum
35%
Weststeiermark
35%
Wettmannstätten
35%
Bad Schwanberg
29%
Groß St. Florian
29%
Krems in der Steiermark
29%
Leoben Lerchenfeld
29%
Pölfing-Brunn
29%
Söding-Mooskirchen
29%
Alling-Tobisegg
24%
Hohenbrugg an der Raab
24%
Hollenegg
24%
Lieboch Schadendorf
24%
Lödersdorf
24%
Purkla
24%
Rohr an der Raab
24%
St. Georgen ob Judenburg
24%
Halbenrain
18%
Köppling
18%
Dietmannsdorf
12%
Gosdorf
12%
Guggenbach
12%
Guggenbach Pulverwerksiedlung
12%
Guggenbach Warthkogelsiedlung
12%
Gussendorf
12%
Himberg Haltestelle
12%
Lichendorf
12%
Prenning
12%
Prenning Viertler
12%
Übelbach Vormarkt
12%
Waldstein
12%
Weitersfeld an der Mur
12%
Zitoll
12%
Keine übereinstimmenden Quizze gefunden
Verteilung der Resultate
Anzahl Personen mit jedem Resultat
Perzentil nach korrekt beantworteten Fragen
Ihre Resultats-Entwicklung
Sie haben dieses Quiz noch nicht gespielt